000 003120000a22000970004500
100 1 _aNavia Velasco, Carmiña
245 1 0 _aEl cuerpo de las mujeres y los hombres desplazados : Nota para una llamada teológica
300 _aVol. 24, Num 1 (Mayo, 2004), Páginas 13-40
773 0 _tVida y pensamiento
942 _cANA
999 _c53278
_d53278